Llanelec Precision Engineering Co Ltd v Neath Port Talbot County BC (Record no. 66382)

MARC details
000 -LEADER
fixed length control field 01567cam a2200229 4500
001 - CONTROL NUMBER
control field ABS63675
008 - FIXED-LENGTH DATA ELEMENTS--GENERAL INFORMATION
fixed length control field 000000n2001 000 0 eng u
035 ## - SYSTEM CONTROL NUMBER
System control number (Sirsi) u111415
245 ## - TITLE STATEMENT
Title Llanelec Precision Engineering Co Ltd v Neath Port Talbot County BC
260 ## - PUBLICATION, DISTRIBUTION, ETC.
Date of publication, distribution, etc. 2001
490 ## - SERIES STATEMENT
Series statement Rating and Valuation Reporter
Volume/sequential designation [2001] 41 RVR, 36-44(9)
520 ## - SUMMARY, ETC.
Summary, etc. LT 3 August 2000. Involved compensation for the compulsory acquisition of a piece of land, and an easement for the construction and maintenance of a viaduct. Negotiations took place between 1988 and 1990, but no agreement was reached. Talks resumed in 1992. The Council (A) offered £28,000, and the claimant company (B) sought £40,000. In May 1993, under instruction from a director, B's surveyor wrote to A accepting the £28,000 offered, and this was confirmed in writing by A on 2 August 1993. Considered two key issues: firstly, whether the correspondence represented a binding contract for compensation at £28,000; and secondly if there was no contract, whether the claim was statute barred under S9 of the Limitation Act 1980 (para 57). LT ruled in favour of A on both issues.
590 ## - LOCAL NOTE (RLIN)
Local note ABS
650 ## - SUBJECT ADDED ENTRY--TOPICAL TERM
Topical term or geographic name entry element LLANELEC PRECISION ENGINEERING CO LTD V NEATH PORT TALBOT CBC
650 ## - SUBJECT ADDED ENTRY--TOPICAL TERM
Topical term or geographic name entry element CORRESPONDENCE
650 ## - SUBJECT ADDED ENTRY--TOPICAL TERM
Topical term or geographic name entry element Contracts
9 (RLIN) 6232
650 ## - SUBJECT ADDED ENTRY--TOPICAL TERM
Topical term or geographic name entry element ESTOPPEL
650 ## - SUBJECT ADDED ENTRY--TOPICAL TERM
Topical term or geographic name entry element LAW OF PROPERTY (MISCELLANEOUS PROVISIONS) ACT 1989
650 ## - SUBJECT ADDED ENTRY--TOPICAL TERM
Topical term or geographic name entry element LIMITATION ACT 1980
690 ## - LOCAL SUBJECT ADDED ENTRY--TOPICAL TERM (OCLC, RLIN)
Topical term or geographic name as entry element ENVIRONMENTAL AND LAND CONSULTANCY-PLANNING AND DEVELOPMENT-COMPULSORY PURCHASE AND COMPENSATION
942 ## - ADDED ENTRY ELEMENTS (KOHA)
Suppress in OPAC 0
Holdings
Withdrawn status Lost status Source of classification or shelving scheme Damaged status Not for loan Home library Current library Shelving location Date acquired Total Checkouts Full call number Barcode Date last seen Copy number Price effective from Koha item type
    Dewey Decimal Classification     London London Journal article 14/03/2001   ABS63675 111415-1001 06/08/2019 1 06/08/2019 Law report